| 000 | 00555nam a2200181Ia 4500 | ||
|---|---|---|---|
| 001 | 2410 | ||
| 003 | GE_BSU | ||
| 008 | 181216s||||||||xx |||||||||||||| ||und|| | ||
| 040 | _cGE_BSU | ||
| 080 | _a338.244.018(075.8). | ||
| 100 | _aჯიქია,მ. ჩეჩელაშვილი,რ. ბურდული,ფ. | ||
| 245 | _aეკონომიკური ანალიზი | ||
| 260 | _aთბილისი | ||
| 260 | _c2009 | ||
| 300 | _a271გვ. | ||
| 653 | _aეკონომიკური ანალიზი | ||
| 942 | _cBK | ||
| 999 |
_c36492 _d36492 |
||